The Bishop's candlesticks
Αποθηκεύτηκε σε:
| Κύριος συγγραφέας: | |
|---|---|
| Άλλοι συγγραφείς: | |
| Μορφή: | Βιβλίο |
| Γλώσσα: | English |
| Δημοσίευση: |
[London] :
Longmans,
[1960]
|
| Σειρά: | New method supplementary reader ;
; stage 4 |
| Θέματα: | |
| Ετικέτες: |
Προσθήκη ετικέτας
Δεν υπάρχουν, Καταχωρήστε ετικέτα πρώτοι!
|
MARC
| LEADER | 00000cam a2200000 i 4500 | ||
|---|---|---|---|
| 001 | 1/94914 | ||
| 008 | 081004r19601933 eng d | ||
| 035 | |l 10100631 | ||
| 040 | |a GR-MY-UA |b gre |e aacr | ||
| 041 | 0 | |a eng | |
| 082 | 0 | |a 428.6 |2 (22) | |
| 100 | 1 | |a McKinnel, Norman, |d 1870-1932. | |
| 245 | 1 | 4 | |a The Bishop's candlesticks / |c by Norman McKinnel ; simplified by Michael West and brought within the vocabulary of New Method Reader 4 |
| 260 | |a [London] : |b Longmans, |c [1960] | ||
| 300 | |a 30 σ.; |c 19 εκ. | ||
| 490 | 1 | |a New method supplementary reader |v ; stage 4 | |
| 500 | |a "This play has been simplified and brought within the vocabulary of New Method Reader 4 (Alternative Edition) and Arab World Classbook 3. Words outside the vocabulary are explained in pictures or in the Notes & Questions." | ||
| 500 | |a "Sixth impression 1960" | ||
| 650 | 0 | 0 | |a Readers |y 1950- |
| 650 | 0 | 0 | |a English language |x Readers. |
| 700 | 1 | |4 edt |a West, Michael |q (Michael Philip), |d 1888-1973. | |
| 830 | 0 | |a New method supplementary reader ; |v ; stage 4 | |
| 852 | |a INST |b RHODES |c AKA |e 20081004 |h 428.6 MCK |p 005400030630 |q 005400030630 |t BK |y 0 | ||
| 901 | |a BIBL4-2008-3 | ||
| 909 | |a Ρ |b 153101 | ||
| 970 | |a ΚΟΖΑ |b ΜΑΡΙΑ |z 2008/10/04 | ||